Central Library OPAC University of Rajshahi

Immanuel Kant's Critique of pure reason / (Record no. 56689)

MARC details
000 -LEADER
fixed length control field 00817nam a2200253 a 4500
001 - CONTROL NUMBER
control field 56689
003 - CONTROL NUMBER IDENTIFIER
rucl marc code BD-RjUL
005 - DATE AND TIME OF LATEST TRANSACTION
control field 20211209080425.0
008 - FIXED-LENGTH DATA ELEMENTS--GENERAL INFORMATION
fixed length control field 161203r19531929nyu 00010 eng d
035 ## - SYSTEM CONTROL NUMBER
System control number (BD-RjUL) 56813
040 ## - CATALOGING SOURCE
Original cataloging agency BD-RjUL
Language of cataloging eng
Transcribing agency BD-RjUL
041 0# - LANGUAGE CODE
Language code of text/sound track or separate title engger
082 ## - DEWEY DECIMAL CLASSIFICATION NUMBER
Edition number 23
Classification number 121
Author mark and year KAC 1953
100 1# - MAIN ENTRY--PERSONAL NAME
Personal name Kant, Immanuel,
Dates associated with a name 1724-1804.
9 (RLIN) 168598
245 10 - TITLE STATEMENT
Title Immanuel Kant's Critique of pure reason /
Statement of responsibility, etc. translated by Norman Kemp Smith.
260 ## - PUBLICATION, DISTRIBUTION, ETC. (IMPRINT)
Place of publication, distribution, etc. London :
Name of publisher, distributor, etc. Macmillan,
Date of publication, distribution, etc. 1929 [Reprinted 1953]
300 ## - PHYSICAL DESCRIPTION
Pagination xiii, 681p. ;
Size 23cm.
500 ## - GENERAL NOTE
General note Contains a reproduction of the t.p. of the first edition, 1781.
650 ## - SUBJECT ADDED ENTRY--TOPICAL TERM
Topical term or geographic name as entry element Theory of Knowledge,
9 (RLIN) 168599
Topical term or geographic name as entry element Reason.
9 (RLIN) 168600
Topical term or geographic name as entry element Causation.
9 (RLIN) 168601
700 1# - ADDED ENTRY--PERSONAL NAME
Personal name Smith, Norman Kemp,
Dates associated with a name 1872-1958.
942 ## - ADDED ENTRY ELEMENTS (KOHA)
Source of classification or shelving scheme Dewey Decimal Classification
Koha item type Books
Holdings
Lost status Source of classification or shelving scheme Damaged status Not for loan Collection code Permanent Location Current Location Shelving location Date acquired Source of acquisition Cost, normal purchase price Total Checkouts Full call number Date last seen Copy number Koha item type
  Dewey Decimal Classification   Not For Loan Non-fiction Central Library, University of Rajshahi Central Library, University of Rajshahi Reading Room 11/04/1955 Aligor Library, Rajshahi 15.10   121 KAC 1953 03/12/2016 C-1 Books